000 00593nam a22001817a 4500
008 161005b xxu||||| |||| 00| 0 eng d
020 _a0398088040
040 _aKABU
_cKABU
050 _aML3830
_b.R33 .R33 2012 C.1
100 _aRadocy, Rudolf
245 _aPsychological foundations of musical behavior
_cby Rudolf E. Radocy and J. David Boyle
250 _a5th ed.
260 _aUSA
_bCharles C Thomas
_c2012
300 _axiv, 505 p.
650 _2Music
_xPsychological aspects
700 _aBoyle, J. David
942 _2lcc
_cBK
_e5th ed.
_hML3830 .R33 2012 C.1
999 _c16143
_d16143